| 000 | 00643 a2200193 4500 | ||
|---|---|---|---|
| 999 |
_c8649 _d8649 |
||
| 020 | _a9780273759188 (pbk.) | ||
| 050 | 0 | 0 | _aHF5635WOO2012 |
| 100 | 1 |
_aWood, Frank, _d1926-2000. |
|
| 245 | 1 | 0 |
_aFrank Wood's Business accounting 1 / _cFrank Wood and Alan Sangster. |
| 250 | _a12th ed. | ||
| 264 |
_aHarlow: _bPearson, _c2012 |
||
| 300 |
_axxvii, 781 p. : _bcol. ill. ; |
||
| 500 | _aincludes index | ||
| 504 | _aIncludes bibliographical references and index. | ||
| 650 | 0 | _aAccounting. | |
| 700 | 1 | _aSangster, Alan. | |
| 942 |
_2lcc _cBK _h5635 _iWOO _kHF |
||